[Event "Challenge"]
[Site "http://www.queenalice.com/game.php?id=1471504"]
[Date "2017.4.2"]
[Round "-"]
[White "Sergio50"]
[Black "dejami"]
[Result "0-1"]
[WhiteElo "1311"]
[BlackElo "1788"]

1. e3 e5 2. Qf3 d5 3. e4 c6 4. d3 d4 5. c3 c5 6. c4 Nf6 7. a4 Bg4 8. Qg3 Nc6 9.
Bg5 Be6 10. Na3 Qb6 11. Rb1 Qb4+ 12. Ke2 Na5 13. Bd2 Qb6 14. Qxe5 Ng4 15. Qf4
Bd6 16. Qf3 h6 17. Nb5 Nf6 18. h4 Bg4 19. Nxd6+ Qxd6 20. Bf4 Qd7 21. e5 Bxf3+
22. gxf3 Nh5 23. Bd2 Nb3 24. Bh3 Qxa4 25. Bg4 g6 26. Nh3 O-O 27. Rhg1 Kh7 28.
Bxh5 gxh5 29. Nf4 Rae8 30. Nxh5 Rxe5+ 31. Be3 dxe3 32. Nf6+ Kh8 33. fxe3 Nd4+
34. Kf2 Qc2+ 35. Kg3 Rxe3 36. Nd5 Rxf3+ 37. Kg4 Rg8+ 38. Kh5 Rf5+ 39. Kxh6 Qd2+
40. Rg5 Rg6+ 41. Kh5 Qe2# 0-1

[Event "Challenge"]
[Site "http://www.queenalice.com/game.php?id=1471505"]
[Date "2017.4.2"]
[Round "-"]
[White "dejami"]
[Black "Sergio50"]
[Result "1-0"]
[WhiteElo "1741"]
[BlackElo "1429"]

1. e4 e6 2. Nh3 h6 3. Qh5 g6 4. Qe5 Rh7 5. f3 d6 6. Qd4 d5 7. e5 f6 8. f4 c5 9.
Qf2 f5 10. Bb5+ Bd7 11. Bxd7+ Nxd7 12. a3 g5 13. g3 g4 14. Ng1 a5 15. d3 c4 16.
d4 a4 17. c3 h5 18. Ne2 Nb6 19. Nd2 h4 20. Nf1 hxg3 21. Nexg3 Be7 22. Qg2 Bh4
23. Kd1 Ne7 24. Ne2 Nc6 25. h3 Be7 26. Be3 gxh3 27. Qg8+ Bf8 28. Qxh7 Na5 29.
Rxh3 Rb8 30. Qg6+ Kd7 31. Rh8 Nb3 32. Rb1 Qe7 33. Rh7 Qxh7 34. Qxh7+ Be7 35. Bf2
Re8 36. Nfg3 Kc6 37. Qg6 Kd7 38. Qg7 Na5 39. Nh5 Kc6 40. Qg6 Kd7 41. Nf6+ Bxf6
42. Qxf6 Kc6 43. Qf7 Rh8 44. Qxe6+ Kb5 45. Ng3 Rh2 46. Nxf5 Ka6 47. Be1 Nb3 48.
Ne3 Rh1 49. Nxd5 Ka7 50. Qxb6+ Kb8 51. Qc7+ Ka7 52. Qxc4 Rh2 53. Qxa4+ Kb8 54.
Qxb3 Rh7 55. Nb4 b6 56. Qg8+ 1-0

[Event "Challenge"]
[Site "http://www.queenalice.com/game.php?id=1474243"]
[Date "2017.4.19"]
[Round "-"]
[White "jbugg"]
[Black "Sergio50"]
[Result "1-0"]
[WhiteElo "1440"]
[BlackElo "1369"]

1. e4 e5 2. Nf3 f6 3. Bc4 d6 4. O-O c6 5. d3 b5 6. Bb3 Bg4 7. h3 Bxf3 8. Qxf3 h5
9. Bxg8 g6 10. Bb3 Nd7 11. Qg3 Rh6 12. Bxh6 Bxh6 13. Qxg6+ 1-0

[Event "Challenge"]
[Site "http://www.queenalice.com/game.php?id=1474812"]
[Date "2017.4.23"]
[Round "-"]
[White "Sergio50"]
[Black "mvson33"]
[Result "0-1"]
[WhiteElo "1332"]
[BlackElo "1805"]

1. e3 e5 2. Bc4 Nf6 3. d3 d5 4. Bb5+ c6 5. Ba4 Bd6 6. Nc3 O-O 7. Nge2 Be6 8. Ng3
Nbd7 9. e4 dxe4 10. dxe4 Bc7 11. Bg5 Qc8 12. Bxf6 Nxf6 0-1

[Event "Challenge"]
[Site "http://www.queenalice.com/game.php?id=1474861"]
[Date "2017.4.23"]
[Round "-"]
[White "mvson33"]
[Black "Sergio50"]
[Result "0-1"]
[WhiteElo "1934"]
[BlackElo "1382"]

1. e4 d6 2. d4 f6 3. Nf3 Bg4 4. Be2 Bxf3 5. Bxf3 c6 6. O-O g6 7. Nd2 Bh6 8. Be2
Bxd2 9. Bxd2 d5 10. exd5 Qxd5 11. c3 Nd7 12. Re1 h5 13. Qc2 Qf7 14. Qe4 f5 15.
Qe3 O-O-O 16. Qg5 h4 17. h3 Ndf6 18. Qf4 c5 19. dxc5 Nd5 20. Qd4 Ndf6 21. Qe5
Rxd2 22. b3 Rd5 23. Qe3 Nd7 24. Bc4 Re5 25. Qxe5 Nxe5 26. Bxf7 Nd3 27. Red1 Nxc5
28. Rd5 Ne4 29. c4 Nh6 30. Bxg6 e6 31. Re5 Kd7 32. Rd1+ Ke7 33. Ra5 a6 34. Re5
Kf6 35. Ra5 Kxg6 36. f3 Nc3 37. Rd6 Kf6 38. Rd7 Rb8 39. Rd3 Ne2+ 40. Kf2 Nf4 41.
Rd2 Rg8 42. Kf1 e5 43. Rd6+ Ne6 44. Kf2 Ke7 45. Rdd5 Nf4 46. Rxe5+ Kf6 47. Ke3
Nxg2+ 48. Kf2 Nf4 49. Ke3 Ng2+ 50. Kf2 Nf4 51. Ke3 Ng2+ 52. Kd4 Rd8+ 53. Kc5
Kxe5 54. Kb6+ Kf4 55. Kxb7 Rd7+ 56. Kxa6 Nf7 57. c5 Nd8 58. Kb5 Rb7+ 59. Kc4
Ne3+ 60. Kc3 Kxf3 61. b4 Nc6 62. Ra4 Nd1+ 63. Kc2 Ne3+ 64. Kc3 Kg3 65. a3 Kxh3
66. Ra6 Nb8 67. Rf6 Kg4 68. Kd3 Nd5 69. Rd6 Ne7 70. Re6 f4 71. Ke2 f3+ 72. Kf2
h3 73. Rh6 Nf5 74. Rg6+ Kh4 75. Rf6 h2 76. Rf8 Rh7 0-1

[Event "Challenge"]
[Site "http://www.queenalice.com/game.php?id=1480950"]
[Date "2017.6.3"]
[Round "-"]
[White "Nikita"]
[Black "Sergio50"]
[Result "0-1"]
[WhiteElo "1486"]
[BlackElo "1410"]

1. e4 e5 2. Bc4 f6 3. Bxg8 Rxg8 4. d3 d6 5. Nf3 a5 6. Nc3 b6 7. h4 Nc6 8. Nb5
Ba6 9. Nc3 Ne7 10. Be3 c5 11. a4 Qd7 12. O-O b5 13. axb5 Bb7 14. h5 a4 15. Nxa4
Rxa4 16. Rxa4 g6 17. hxg6 Bc8 18. Ra8 h6 19. Nh4 Nxg6 20. Nxg6 Rxg6 21. f4 Ke7
22. fxe5 fxe5 23. b6 Bb7 24. Raxf8 Qh3 25. R1f2 Qh4 26. d4 cxd4 27. R8f7+ Ke6
28. Rxb7 dxe3 29. Re2 Rg5 30. Ra7 Rh5 31. Rxe3 Qh1+ 32. Kf2 Qxd1 33. b7 Qxc2+
34. Kf3 Qxb2 35. Kg4 Rg5+ 36. Kh4 Qxg2 37. Ra2 Qg4# 0-1

[Event "Challenge"]
[Site "http://www.queenalice.com/game.php?id=1480951"]
[Date "2017.6.3"]
[Round "-"]
[White "Nikita"]
[Black "Sergio50"]
[Result "0-1"]
[WhiteElo "1500"]
[BlackElo "1360"]

1. e4 e5 2. Nf3 Qf6 3. d3 Nc6 4. Bg5 Qg6 5. d4 Qxe4+ 6. Be2 Nxd4 7. Nxd4 f6 8.
Nc3 Qxg2 9. Bf3 Qh3 10. Be3 exd4 11. Nd5 Bd6 12. Bxd4 Qe6+ 13. Kf1 Qh3+ 14. Bg2
Qf5 15. c4 Kd8 16. a4 Nh6 17. Ne3 Qa5 18. Nd5 c5 19. Bc3 Qa6 20. Be4 Qxc4+ 21.
Bd3 Qxd5 22. Ba5+ b6 23. Bxb6+ Ke8 24. Ba5 Qxh1+ 25. Ke2 Qxh2 26. Be1 Bg3 27.
Be4 Rb8 28. Bc3 Qxf2+ 29. Kd3 Ba6# 0-1

[Event "Challenge"]
[Site "http://www.queenalice.com/game.php?id=1482761"]
[Date "2017.6.18"]
[Round "-"]
[White "jbugg"]
[Black "Sergio50"]
[Result "1-0"]
[WhiteElo "1431"]
[BlackElo "1425"]

1. e4 e6 2. Be2 Bd6 3. Nc3 Qf6 4. Nf3 e5 5. Bc4 c6 6. b3 Bb4 7. O-O Nh6 8. Be2
d6 9. Na4 Bg4 10. Bb2 Nd7 11. d3 Bxf3 12. Bxf3 b5 13. Nc3 Bxc3 14. Bxc3 a5 15.
d4 d5 16. exd5 O-O 17. Qd2 c5 18. Bxa5 g5 19. d6 b4 20. Bxa8 Nf5 21. Bc6 Nb8 22.
Bd5 Rd8 23. Bxd8 Qxd8 24. dxe5 Ng7 25. Rfe1 Nd7 26. c4 Nxe5 27. Qe3 Qxd6 28.
Qxg5 h6 29. Qf4 Nh5 30. Qh4 Ng7 31. Be4 h5 32. Rad1 Qf8 33. Rd5 f5 34. Bc2 Nf7
35. Rxc5 Qxc5 36. Qh3 Qa5 37. Ra1 Qe5 38. Qf3 Ng5 39. Qe3 Nf7 40. Qxe5 Nxe5 41.
Re1 Ng4 42. c5 Kf8 43. c6 Ne8 44. Bxf5 Ne5 45. Rxe5 Nc7 46. Re4 Nd5 47. h4 Kf7
48. Be6+ Kf6 49. f4 Nc3 50. Re5 Ke7 51. f5 Nxa2 52. c7 Kd6 53. c8=Q Kxe5 54. Bf7
Kf6 55. Bxh5 Kg7 56. Qd7+ Kf6 57. Bg4 1-0

[Event "Challenge"]
[Site "http://www.queenalice.com/game.php?id=1482763"]
[Date "2017.6.18"]
[Round "-"]
[White "Rovigo"]
[Black "Sergio50"]
[Result "1-0"]
[WhiteElo "1440"]
[BlackElo "1409"]

1. e4 e6 2. Nf3 f6 3. Nc3 d5 4. exd5 exd5 5. Bb5+ c6 6. Ba4 Bc5 7. d3 Ne7 8. Bf4
d4 9. Ne2 b5 10. Bb3 a5 11. a4 b4 12. Bxb8 Rxb8 13. Nf4 Ng6 14. Qe2+ Be7 15.
Nxg6 Rg8 16. Qxe7+ Qxe7+ 17. Nxe7 Rf8 18. Nxc6 Bd7 19. Nxb8 Bg4 20. Nxd4 Kd8 21.
Nbc6+ Kd7 22. O-O Re8 23. Bf7 Re7 24. Nxe7 Kxe7 25. h3 Bh5 26. g4 Bxf7 27. Rae1+
Kf8 28. Nf5 g6 29. Ne7 Kg7 30. c3 bxc3 31. bxc3 Kf8 32. f4 Kg7 33. f5 Bb3 34.
fxg6 hxg6 35. d4 1-0

[Event "Challenge"]
[Site "http://www.queenalice.com/game.php?id=1482764"]
[Date "2017.6.18"]
[Round "-"]
[White "Rovigo"]
[Black "Sergio50"]
[Result "1-0"]
[WhiteElo "1455"]
[BlackElo "1394"]

1. e4 e6 2. d3 Qf6 3. Nf3 Bc5 4. Bg5 Qxb2 5. Nbd2 h6 6. Bf4 Nc6 7. Bxc7 d5 8.
exd5 g5 9. Nc4 Bb4+ 10. Nfd2 exd5 11. Nd6+ Ke7 12. Nf5+ Kf6 13. Ng3 Qe5+ 14.
Bxe5+ Kxe5 15. Qe2+ Kd6 16. Nf5+ Kc5 17. d4+ Nxd4 18. Nxd4 Bd7 19. Nb3+ Kd6 20.
a3 Bxd2+ 21. Nxd2 Nf6 22. a4 Rhe8 23. Qxe8 Rxe8+ 24. Kd1 a5 25. Bb5 Ke5 26. Nf3+
Kf4 27. Bxd7 Nxd7 28. Rb1 Nf6 29. Rxb7 Ne4 30. Rxf7+ Kg4 31. h3+ Kh5 32. Rf1
Nc3+ 33. Kd2 Ne4+ 34. Kd3 Nc5+ 35. Kd4 Nxa4 36. Ra1 Nb6 37. Rxa5 Rd8 38. g4+ Kg6
39. Ne5# 1-0

[Event "Challenge"]
[Site "http://www.queenalice.com/game.php?id=1482765"]
[Date "2017.6.18"]
[Round "-"]
[White "dejami"]
[Black "Sergio50"]
[Result "1-0"]
[WhiteElo "1752"]
[BlackElo "1365"]

1. e4 e6 2. d3 Qf6 3. Nf3 h6 4. a3 g5 5. Be3 h5 6. c3 Bh6 7. e5 Qe7 8. Nfd2 Nc6
9. d4 d6 10. Nf3 d5 11. Bb5 g4 12. Ng1 Bxe3 13. fxe3 Nh6 14. Qa4 Bd7 15. Ne2 f6
16. exf6 Qxf6 17. Rf1 Qg5 18. Kd2 e5 19. g3 a6 20. Bxc6 bxc6 21. Qa5 Kd8 22. Qb4
Bc8 23. Kd3 Bf5+ 24. Kd2 h4 25. dxe5 Re8 26. Qf4 Qg6 27. Nd4 Bxb1 28. Raxb1 h3
29. Nb3 a5 30. Nc5 Ra7 31. Rbd1 a4 32. Kc1 Ra5 33. Nb7+ Kc8 34. Nxa5 Nf5 35. Rd3
Kd7 36. Re1 Ne7 37. Kc2 Ra8 38. Nb7 Ra5 39. Nxa5 Nf5 40. e4 Ne7 41. Kd2 Ke8 42.
exd5 cxd5 43. e6 c5 44. Qb8+ Nc8 45. Qxc8+ Ke7 46. Nc6+ Kf6 47. Rf1+ Kg7 48.
Rf7+ Kh6 49. Qh8+ Kg5 50. Rxd5+ 1-0

[Event "Challenge"]
[Site "http://www.queenalice.com/game.php?id=1482766"]
[Date "2017.6.18"]
[Round "-"]
[White "dejami"]
[Black "Sergio50"]
[Result "1-0"]
[WhiteElo "1760"]
[BlackElo "1412"]

1. e4 e6 2. d3 Qf6 3. Nf3 Bc5 4. h4 Nc6 5. c3 h6 6. d4 Be7 7. Bd3 a5 8. e5 Nxe5
9. dxe5 Qxf3 10. Qxf3 f6 11. Qh5+ Kd8 12. O-O c6 13. Qf7 fxe5 14. Qxg7 Bf6 15.
Qf8+ Kc7 16. f4 d6 17. fxe5 Bxe5 18. Rf7+ Kb6 19. Qd8+ Kc5 20. Be3+ Kd5 21. c4#
1-0

[Event "Challenge"]
[Site "http://www.queenalice.com/game.php?id=1489935"]
[Date "2017.8.12"]
[Round "-"]
[White "Sergio50"]
[Black "jbugg"]
[Result "0-1"]
[WhiteElo "1380"]
[BlackElo "1398"]

1. e3 e5 2. c3 Nc6 3. Bb5 Qf6 4. Bxc6 Qxc6 5. f3 Bc5 6. Nh3 e4 7. Qb3 Nf6 8. Ng5
d5 9. d4 Bd6 10. fxe4 Nxe4 11. O-O Nxg5 12. e4 Nxe4 13. Nd2 O-O 14. Qd1 Nxd2 15.
Qxd2 h6 16. Qf2 Qe8 17. Qg3 Bxg3 18. hxg3 Qe2 19. Bf4 c6 20. b3 Bg4 21. Rf2 Qd3
22. Bd6 Rfd8 23. Be5 Qxc3 24. Kh2 Qxa1 25. Rf4 g5 26. Rxg4 Qxa2 27. b4 Qc4 28.
Bf6 Re8 29. Kh3 Qxb4 30. Kh2 Qb1 31. Bxg5 hxg5 32. Rxg5+ Kf8 33. g4 Ke7 0-1

[Event "Challenge"]
[Site "http://www.queenalice.com/game.php?id=1496390"]
[Date "2017.9.25"]
[Round "-"]
[White "Sergio50"]
[Black "BMJFF33"]
[Result "0-1"]
[WhiteElo "1363"]
[BlackElo "1263"]

1. d3 e6 2. g3 g5 3. f4 g4 4. h3 h5 5. hxg4 h4 6. g5 c6 7. Nc3 d5 8. Nf3 Qd7 9.
Ne5 Qd8 10. e3 Bg7 11. Qh5 Rxh5 12. Na4 Bxe5 13. fxe5 Rxg5 14. gxh4 Rxe5 15. d4
Rh5 16. Be2 Rxh4 17. Rg1 Qa5+ 18. Nc3 Qc7 19. Rxg8+ Ke7 20. Rg1 Nd7 0-1

[Event "Coffee"]
[Site "http://www.queenalice.com/game.php?id=1496516"]
[Date "2017.9.25"]
[Round "-"]
[White "Sergio50"]
[Black "magalhaes_br"]
[Result "0-1"]
[WhiteElo "1343"]
[BlackElo "1249"]

1. e4 e5 2. h4 Nf6 3. d3 Bb4+ 4. c3 Bd6 5. d4 Nc6 6. Bg5 h6 7. Bxf6 Qxf6 8. Nf3
b6 9. a4 a5 10. Bb5 Na7 11. dxe5 Bxe5 12. Qd5 Rb8 13. Nbd2 c6 14. Qc4 cxb5 15.
axb5 d6 16. Qc7 Rb7 17. Qc4 Be6 18. Qe2 Bd7 19. Nc4 Nxb5 0-1

[Event "Challenge"]
[Site "http://www.queenalice.com/game.php?id=1536019"]
[Date "2018.7.24"]
[Round "-"]
[White "Sergio50"]
[Black "Nikita"]
[Result "0-1"]
[WhiteElo "1293"]
[BlackElo "1487"]

1. e3 e5 2. c3 d6 3. g3 Nf6 4. Qa4+ Bd7 5. Qb4 Nd5 6. Qe4 c6 7. Bc4 f5 8. Qc2 b5
9. Bxd5 cxd5 10. d4 exd4 11. exd4 Nc6 12. Nf3 b4 13. Bg5 Be7 14. Be3 Bf6 15. a3
h5 16. axb4 a5 17. b5 Na7 18. b6 Nc6 19. Qb3 Be6 20. Nbd2 a4 0-1